000 00967nam a22002297a 4500
005 20091211113343.0
008 091211t xxu||||| |||| 00| j hin d
010 _aHIN-89223
020 _a8188117056
_c150.00
035 _aHN-61569
037 _bDBAD / PUB
040 _aDPL
_bHN
082 _a822
100 _aराजानन्द
_9610
245 _aचंदा बसे आकाशः
_cराजानन्द
_b(दो काव्य नाटक) /
246 _aChanda base aakash
_bby Rajanand
260 _aबीकानेर
_bरूपान्तर
_c2009
270 _aरत्ताणी व्यासों का चौक
_bबीकानेर
_k529453 (नि)
300 _a96पृ
_c22सेमी (सजिल्द)
942 _2ddc
_cHN
_mराजान्न
999 _c35055
_d35055